[Event "Team BG11 chess final 2018"]
[Site "Sochi"]
[Date "2018.05.02"]
[Round "2.3"]
[White "Pershin, Patrik"]
[Black "Kotelnikov, Matvei"]
[Result "1-0"]
[WhiteElo "1602"]
[BlackElo "1231"]
[PlyCount "139"]
[EventDate "2018.05.01"]

1. Nf3 Nf6 2. g3 g6 3. b3 Bg7 4. Bb2 d5 5. c4 c6 6. Bg2 O-O 7. O-O e6 8. d3
Nbd7 9. Qc2 Qc7 10. cxd5 exd5 11. Nbd2 Re8 12. e3 Nb6 13. Rfc1 Bf5 14. Nd4 Bd7
15. b4 Qd6 16. a3 Rac8 17. N4b3 Na4 18. Bd4 Qb8 19. Nc5 Nxc5 20. bxc5 Qc7 21.
Rab1 Rb8 22. Rb3 Nh5 23. Bxg7 Nxg7 24. Rcb1 Ne6 25. R1b2 Bc8 26. d4 Qa5 27. Qc3
Qxc3 28. Rxc3 Nc7 29. Rcb3 Kg7 30. Kf1 Ne6 31. a4 Nd8 32. Ke2 Bf5 33. a5 a6 34.
Rb4 Re7 35. Rb6 Ra8 36. f3 Ra7 37. e4 dxe4 38. fxe4 Bg4+ 39. Kd3 Bc8 40. Nc4
Kf6 41. Nd6 Be6 42. Rf2+ Kg7 43. h3 h5 44. h4 Bg4 45. Bf3 Bxf3 46. Rxf3 Ne6 47.
Nc8 Rd7 48. Nxa7 Nxd4 49. Ke3 Nxf3 50. Kxf3 Kf6 51. Kf4 Ke7 52. Nc8+ Kd8 53.
Nd6 Kc7 54. Rxb7+ Kd8 55. Nxf7+ Kc8 56. Rxd7 Kxd7 57. Ne5+ Kc7 58. Nxg6 Kd7 59.
Kf5 Kc7 60. Ke6 Kc8 61. Kf7 Kd7 62. e5 Kd8 63. e6 Kc7 64. e7 Kb7 65. e8=Q Kc7
66. Qe7+ Kb8 67. Ne5 Ka8 68. Ke6 Kb8 69. Nxc6+ Kc8 70. Qd7# 1-0

[Event "Team BG11 chess final 2018"]
[Site "Sochi"]
[Date "2018.05.02"]
[Round "2.4"]
[White "Kalandia, Eka"]
[Black "Kondrashev, Kirill"]
[Result "0-1"]
[WhiteElo "1167"]
[BlackElo "1575"]
[PlyCount "132"]
[EventDate "2018.05.01"]

1. d4 d5 2. e3 Bf5 3. Bd3 e6 4. Bxf5 exf5 5. Qd3 Qc8 6. Qb5+ c6 7. Qd3 Nf6 8.
c3 Bd6 9. f4 O-O 10. Nf3 Re8 11. O-O Na6 12. Ne5 c5 13. b3 Rb8 14. Bb2 b5 15.
Nd2 c4 16. bxc4 dxc4 17. Qc2 Nd7 18. Rf3 f6 19. Nxd7 Qxd7 20. Rb1 Nc7 21. Qd1
Nd5 22. Nf1 b4 23. cxb4 c3 24. Ba3 Bxb4 25. Bxb4 Nxb4 26. Qb3+ Nd5 27. Qc2 Rec8
28. Ng3 Rxb1+ 29. Qxb1 c2 30. Qc1 Nb4 31. Ne2 Nd3 32. Qd2 c1=Q+ 33. Nxc1 Rxc1+
34. Rf1 Rxf1+ 35. Kxf1 Qb5 36. g3 Nxf4+ 37. Kf2 Nd3+ 38. Kg1 Qb1+ 39. Kg2 Qb2
40. Qxb2 Nxb2 41. Kf2 Kf7 42. Ke2 Ke6 43. Kd2 Kd5 44. Kc3 Nc4 45. Kd3 Nd6 46.
h3 g5 47. g4 f4 48. exf4 gxf4 49. h4 Ne4 50. h5 Nf2+ 51. Ke2 Nxg4 52. Kf3 Kxd4
53. Kxf4 Ne5 54. Kf5 Nd7 55. Ke6 Kc3 56. h6 Ne5 57. Kxf6 Ng4+ 58. Kg7 Nxh6 59.
Kxh6 a5 60. Kxh7 a4 61. Kg6 a3 62. Kf5 Kb2 63. Ke4 Kxa2 64. Kd3 Kb2 65. Kd4 a2
66. Ke4 a1=Q 0-1

[Event "Team BG11 chess final 2018"]
[Site "Sochi"]
[Date "2018.05.02"]
[Round "2.1"]
[White "Yaurov, Egor"]
[Black "Vetokhin, Savva"]
[Result "0-1"]
[WhiteElo "1921"]
[BlackElo "1829"]
[PlyCount "98"]
[EventDate "2018.05.01"]

1. d4 Nf6 2. Bg5 c5 3. Bxf6 exf6 4. d5 d6 5. e3 f5 6. c4 g6 7. Nc3 Bg7 8. Bd3
Nd7 9. Nf3 O-O 10. O-O Re8 11. Qc2 Ne5 12. Nxe5 Bxe5 13. Rae1 Bd7 14. f4 Bg7
15. Kh1 a6 16. a3 Qa5 17. Na2 b5 18. Re2 bxc4 19. Bxc4 Bb5 20. Nc1 Bxc4 21.
Qxc4 Qb5 22. Qd3 c4 23. Qd2 Rab8 24. Rff2 Rb7 25. Na2 a5 26. g4 Reb8 27. gxf5
Qxb2 28. fxg6 Qxd2 29. gxf7+ Kxf7 30. Rxd2 c3 31. Rc2 Rb2 32. Nxc3 Bxc3 33.
Rxb2 Rxb2 34. Rxb2 Bxb2 35. a4 Bc1 36. Kg2 Bxe3 37. Kf3 Bc1 38. Kg4 Kf6 39. h3
Bd2 40. h4 Bc1 41. h5 h6 42. Kg3 Kf5 43. Kf3 Bxf4 44. Ke2 Ke4 45. Kf2 Kxd5 46.
Kf3 Ke5 47. Kg4 d5 48. Kf3 d4 49. Ke2 Ke4 0-1

[Event "Team BG11 chess final 2018"]
[Site "Sochi"]
[Date "2018.05.02"]
[Round "2.2"]
[White "Zverev, Lev"]
[Black "Fomin, Nikita"]
[Result "1/2-1/2"]
[WhiteElo "1756"]
[BlackElo "1565"]
[PlyCount "94"]
[EventDate "2018.05.01"]

1. e4 d5 2. exd5 Qxd5 3. Nc3 Qd6 4. d4 Nf6 5. Bd3 c6 6. Nge2 Bg4 7. f3 Bh5 8.
O-O Nbd7 9. Bf4 Qb4 10. Bc7 e6 11. a3 Qe7 12. Re1 Rc8 13. Bg3 Qd8 14. Nf4 Be7
15. Bc4 O-O 16. b4 Nb6 17. Bb3 Bg6 18. Rxe6 Nbd5 19. Ncxd5 Nxd5 20. Re1 Bf6 21.
Nxd5 cxd5 22. Be5 Re8 23. Ba4 Re6 24. Kh1 a6 25. Qd2 b5 26. Bb3 Rec6 27. Rac1
Bg5 28. f4 Bh4 29. g3 f6 30. gxh4 fxe5 31. Rxe5 Kh8 32. f5 Bf7 33. Qg5 Qf6 34.
Bxd5 Bxd5+ 35. Rxd5 h6 36. Qxf6 Rxf6 37. Rc5 Re8 38. c4 bxc4 39. R1xc4 Re1+ 40.
Kg2 Re2+ 41. Kg1 Ra2 42. Re5 Rd2 43. Rc8+ Kh7 44. Ree8 Rxf5 45. Rh8+ Kg6 46.
Rc6+ Kh5 47. Rc5 Rd1+ 1/2-1/2

[Event "Team BG11 chess final 2018"]
[Site "Sochi"]
[Date "2018.05.02"]
[Round "2.3"]
[White "Tetyuev, Stepan"]
[Black "Anisimov, Yuri"]
[Result "0-1"]
[WhiteElo "1376"]
[BlackElo "1631"]
[PlyCount "80"]
[EventDate "2018.05.01"]

1. d4 Nf6 2. c4 c6 3. Nc3 d5 4. Nf3 e6 5. g3 g6 6. Bf4 Bg7 7. c5 O-O 8. Bd6 Re8
9. Bg2 b6 10. Ne5 Bb7 11. e4 bxc5 12. dxc5 Nfd7 13. Nxd7 Nxd7 14. O-O Qa5 15.
a3 Bxc3 16. bxc3 Ba6 17. Re1 Nxc5 18. Qd4 Nd7 19. Bb4 Qc7 20. exd5 cxd5 21. Re3
Bc4 22. Rae1 a5 23. Bf8 Rxf8 24. Bh3 e5 25. Qd1 Rfe8 26. Qg4 Nc5 27. Qd1 a4 28.
Bg2 e4 29. f3 Nd3 30. R1e2 Qc5 31. Qd2 Ne5 32. Qd4 Qxd4 33. cxd4 Bxe2 34. Rxe2
exf3 35. Rxe5 Rxe5 36. dxe5 fxg2 37. Kxg2 Rb8 38. e6 fxe6 39. h4 Rb3 40. h5
Rxa3 0-1

[Event "Team BG11 chess final 2018"]
[Site "Sochi"]
[Date "2018.05.02"]
[Round "2.4"]
[White "Safinov, Artem"]
[Black "Azimov, Timur"]
[Result "1-0"]
[WhiteElo "1483"]
[BlackElo "1438"]
[PlyCount "87"]
[EventDate "2018.05.01"]

1. d4 Nf6 2. c4 g6 3. Nc3 Bg7 4. e4 O-O 5. Nf3 d6 6. Be2 c5 7. O-O Nc6 8. d5
Na5 9. a3 b6 10. b4 Nb7 11. Bd2 h6 12. Qc2 e5 13. dxe6 Bxe6 14. Rfd1 Qc7 15.
Rac1 Rac8 16. Nb5 Qb8 17. Bf4 Rfd8 18. e5 Nh5 19. Be3 dxe5 20. Qa4 a5 21. bxc5
Nxc5 22. Rxd8+ Rxd8 23. Bxc5 bxc5 24. Qxa5 Nf4 25. Bf1 Bg4 26. Nd2 Ne6 27. h3
Bf5 28. Nb1 Nd4 29. Qa4 Nxb5 30. cxb5 Rd4 31. Qb3 Qb6 32. Bc4 Rd7 33. Nc3 e4
34. Nd5 Qb7 35. a4 Be6 36. Ne3 Bxc4 37. Nxc4 Rd3 38. Qa2 Bf6 39. b6 Bd8 40. a5
Qa6 41. Ne5 Qb7 42. a6 Qa8 43. Qxf7+ Kh8 44. Nxg6# 1-0

[Event "Team BG11 chess final 2018"]
[Site "Sochi"]
[Date "2018.05.03"]
[Round "3.1"]
[White "Vetokhin, Savva"]
[Black "Gubarev, Vladislav"]
[Result "1-0"]
[WhiteElo "1829"]
[BlackElo "1470"]
[PlyCount "77"]
[EventDate "2018.05.01"]

1. e4 c5 2. c3 Nc6 3. Nf3 d5 4. exd5 Qxd5 5. d4 cxd4 6. cxd4 e5 7. Nc3 Bb4 8.
Bd2 Bxc3 9. Bxc3 e4 10. Nd2 Nf6 11. Bc4 Qg5 12. Qb3 O-O 13. O-O-O Bg4 14. f3 e3
15. d5 Nd8 16. Bxf6 exd2+ 17. Rxd2 Qxf6 18. fxg4 Rc8 19. Rc2 Qf4+ 20. Kb1 Qxg4
21. h3 Qf4 22. Bd3 Rxc2 23. Qxc2 h6 24. Qc5 b6 25. Qe7 g6 26. Rd1 Qg5 27. d6
Qxg2 28. Bc4 Nc6 29. Qe3 Qg5 30. Qa3 Qh5 31. Rf1 Qc5 32. Qxc5 bxc5 33. Bd5 Nd4
34. d7 Nf5 35. Re1 Ng7 36. Re7 g5 37. Bxf7+ Kh8 38. Re8 Nxe8 39. dxe8=Q 1-0

[Event "Team BG11 chess final 2018"]
[Site "Sochi"]
[Date "2018.05.03"]
[Round "3.2"]
[White "Karasov, Islam"]
[Black "Zverev, Lev"]
[Result "0-1"]
[WhiteElo "1056"]
[BlackElo "1756"]
[PlyCount "66"]
[EventDate "2018.05.01"]

1. e4 e5 2. Nf3 Nc6 3. Bb5 a6 4. Ba4 Nf6 5. d3 b5 6. Bb3 Be7 7. Bg5 h6 8. Bxf6
Bxf6 9. Bd5 Bb7 10. a3 Na5 11. Bxb7 Nxb7 12. Nc3 c6 13. O-O O-O 14. h3 d5 15.
b4 g6 16. Qe2 Re8 17. Qd2 Bg7 18. a4 Qd6 19. exd5 cxd5 20. axb5 axb5 21. Nxb5
Qc6 22. Na3 e4 23. b5 Qd6 24. Nc4 dxc4 25. Rxa8 Rxa8 26. dxe4 Qxd2 27. Nxd2 c3
28. Nb3 Nd6 29. Rb1 Nxb5 30. Nc5 Nd4 31. Nd7 Nxc2 32. Rb8+ Rxb8 33. Nxb8 Nb4
0-1

[Event "Team BG11 chess final 2018"]
[Site "Sochi"]
[Date "2018.05.03"]
[Round "3.3"]
[White "Anisimov, Yuri"]
[Black "Rodionov, Mihail"]
[Result "1-0"]
[WhiteElo "1631"]
[BlackElo "1293"]
[PlyCount "89"]
[EventDate "2018.05.01"]

1. e4 c5 2. Nf3 e6 3. d4 cxd4 4. Nxd4 Nf6 5. Nc3 Nc6 6. Be3 Bb4 7. f3 O-O 8.
Nxc6 bxc6 9. Bd3 d5 10. a3 Ba5 11. b4 Bb6 12. Bxb6 axb6 13. e5 Nd7 14. f4 f6
15. Qg4 f5 16. Qh3 b5 17. O-O Ba6 18. Qe3 Nb6 19. Qc5 Qc7 20. Nxb5 Bxb5 21.
Bxb5 Rfc8 22. Be2 Na4 23. Qe3 c5 24. c3 c4 25. Bd1 Qa7 26. Qxa7 Rxa7 27. Bxa4
Rxa4 28. Ra2 Kf7 29. Kf2 h6 30. Ke3 g5 31. Kd4 g4 32. Rb1 Rca8 33. b5 Ke7 34.
b6 Kd7 35. b7 Rb8 36. Rb6 Ra7 37. Rab2 Rxa3 38. Rd6+ Kc7 39. Rxe6 Rb3 40. Rc2
R8xb7 41. Kxd5 Rb2 42. Rxb2 Rxb2 43. Rxh6 Rxg2 44. Rh5 Kb6 45. Kxc4 1-0

[Event "Team BG11 chess final 2018"]
[Site "Sochi"]
[Date "2018.05.03"]
[Round "3.4"]
[White "Nikolaev, Artemiy"]
[Black "Sepiashvili, Ivan"]
[Result "0-1"]
[WhiteElo "1297"]
[BlackElo "1539"]
[PlyCount "32"]
[EventDate "2018.05.01"]

1. c4 e6 2. Nc3 d5 3. d4 Nf6 4. Bg5 Be7 5. cxd5 exd5 6. e3 c6 7. Bd3 O-O 8. Nf3
Nbd7 9. O-O Re8 10. Qc2 Nf8 11. Rab1 a5 12. a3 g6 13. b4 b5 14. Rfc1 Bd6 15.
Qe2 Ne6 16. Ne5 Nxg5 0-1

[Event "Team BG11 chess final 2018"]
[Site "Sochi"]
[Date "2018.05.03"]
[Round "3.1"]
[White "Akhmedov, David"]
[Black "Yaurov, Egor"]
[Result "0-1"]
[WhiteElo "1433"]
[BlackElo "1921"]
[PlyCount "120"]
[EventDate "2018.05.01"]

1. e4 e6 2. d3 d5 3. Nd2 Nf6 4. Ngf3 b6 5. g3 dxe4 6. dxe4 Bb7 7. e5 Ng4 8. Bg2
Nxe5 9. O-O Nxf3+ 10. Nxf3 Qxd1 11. Rxd1 Bd6 12. Bf4 Bxf4 13. gxf4 c5 14. Rd2
Nd7 15. Ne5 Nxe5 16. Bxb7 Nc4 17. Bc6+ Kf8 18. Bxa8 Nxd2 19. Rd1 Ke7 20. Bc6
Rc8 21. Bb5 Nf3+ 22. Kg2 Nd4 23. Bd3 g6 24. c3 Nc6 25. Bb5 Nb8 26. c4 a5 27.
Kf3 Rd8 28. Rxd8 Kxd8 29. Ke4 Ke7 30. Ke5 f6+ 31. Ke4 Kd6 32. Be8 Nc6 33. Bf7
Ne7 34. h4 Nf5 35. h5 gxh5 36. Bxh5 Ng7 37. Be2 Ke7 38. Bf1 Ne8 39. b3 Nd6+ 40.
Ke3 Nf5+ 41. Ke4 Nd4 42. Bh3 f5+ 43. Kd3 Kf6 44. Bg2 Kg6 45. f3 Kh5 46. Ke3 Kh4
47. Kf2 Nc2 48. Bf1 Nb4 49. a4 Nc2 50. Be2 Nd4 51. Bd1 Kh3 52. Ke3 Kg2 53. Kd3
h5 54. Be2 Nxe2 55. Kxe2 h4 56. Ke3 h3 57. Ke2 h2 58. Ke3 h1=Q 59. Kd2 Kxf3 60.
Kc2 Ke2 0-1

[Event "Team BG11 chess final 2018"]
[Site "Sochi"]
[Date "2018.05.03"]
[Round "3.2"]
[White "Fomin, Nikita"]
[Black "Lebedev, Artem S"]
[Result "1-0"]
[WhiteElo "1565"]
[BlackElo "1333"]
[PlyCount "118"]
[EventDate "2018.05.01"]

1. e4 e5 2. Nc3 Nc6 3. f4 d6 4. Bb5 Bd7 5. Nf3 Nf6 6. d3 a6 7. Bxc6 Bxc6 8.
fxe5 dxe5 9. Nxe5 Bc5 10. Nxc6 bxc6 11. Qf3 Qe7 12. Be3 Bxe3 13. Qxe3 Nd5 14.
Qd4 O-O 15. O-O Qb4 16. Qxb4 Nxb4 17. Rf2 c5 18. Na4 c4 19. a3 Nc6 20. dxc4
Rfe8 21. Nc5 a5 22. Rd1 Rad8 23. Rfd2 Rxd2 24. Rxd2 Ne5 25. b3 g6 26. Kf2 Kg7
27. h3 h5 28. Ke3 Kh6 29. Nd7 Nc6 30. Kf4 Rd8 31. Rd3 Re8 32. e5 Re7 33. c3 Nd8
34. Nf6 Ne6+ 35. Ke3 Kg5 36. Rd7 Rxd7 37. Nxd7 Nf4 38. Kf3 Nd3 39. b4 Kf5 40.
bxa5 Ke6 41. a6 Kxd7 42. a7 Nxe5+ 43. Ke2 Nxc4 44. a8=Q Nb6 45. Qe4 c6 46. Kd3
Nd5 47. c4 Nc7 48. a4 Ne6 49. Qe5 g5 50. a5 Nf4+ 51. Ke4 Nxg2 52. a6 Nh4 53. a7
f5+ 54. Kd3 Nf3 55. Qg7+ Kd6 56. a8=Q Ne5+ 57. Ke2 Kc5 58. Qxe5+ Kb4 59. Qaa5+
Kxc4 1-0

[Event "Team BG11 chess final 2018"]
[Site "Sochi"]
[Date "2018.05.03"]
[Round "3.3"]
[White "Kotelnikov, Matvei"]
[Black "Tetyuev, Stepan"]
[Result "0-1"]
[WhiteElo "1231"]
[BlackElo "1376"]
[PlyCount "62"]
[EventDate "2018.05.01"]

1. e4 c5 2. f4 e6 3. Nf3 Nf6 4. Nc3 Nc6 5. Bb5 a6 6. Bxc6 dxc6 7. O-O Be7 8. d3
O-O 9. Qe1 b6 10. Qg3 Bb7 11. Bd2 Qc7 12. e5 Nd5 13. Ne4 b5 14. Nf2 Rad8 15. f5
Kh8 16. fxe6 fxe6 17. Ne4 Bc8 18. Bg5 Rf5 19. Nd6 Bxd6 20. Bxd8 Qxd8 21. exd6
Nf4 22. Rae1 Qxd6 23. Nh4 Qd4+ 24. Qe3 Qxe3+ 25. Rxe3 Rf6 26. g3 Nd5 27. Rxf6
gxf6 28. Re2 Bd7 29. Ng2 e5 30. Ne3 Kg7 31. Kf2 Kg6 0-1

[Event "Team BG11 chess final 2018"]
[Site "Sochi"]
[Date "2018.05.03"]
[Round "3.4"]
[White "Azimov, Timur"]
[Black "Kalandia, Eka"]
[Result "1-0"]
[WhiteElo "1438"]
[BlackElo "1167"]
[PlyCount "89"]
[EventDate "2018.05.01"]

1. e4 c5 2. Nf3 e6 3. d4 cxd4 4. Nxd4 a6 5. Bd3 Qc7 6. O-O Nf6 7. Qe2 d6 8. Nc3
b5 9. a4 b4 10. Na2 a5 11. Bg5 Be7 12. Nb5 Qd8 13. Rad1 Bb7 14. c3 bxc3 15.
Naxc3 O-O 16. e5 dxe5 17. Bxh7+ Kxh7 18. Rxd8 Bxd8 19. Bxf6 gxf6 20. Rd1 Bb6
21. Rd3 Rg8 22. Qh5+ Kg7 23. Rg3+ Kf8 24. Qh6+ Ke7 25. Rxg8 Nd7 26. Rxa8 Bxa8
27. h4 Nf8 28. Qh8 Bc6 29. h5 Bd4 30. Nxd4 exd4 31. Nb5 d3 32. Qh6 e5 33. Qe3
Nd7 34. Qxd3 Ke8 35. h6 Nf8 36. h7 Nxh7 37. Qxh7 Ke7 38. Qd3 Ke8 39. Qd6 Bd7
40. Qxf6 Be6 41. Qh8+ Ke7 42. Qh4+ Ke8 43. Nd6+ Kd7 44. Nb7 Kc7 45. Qe7+ 1-0

[Event "Team BG11 chess final 2018"]
[Site "Sochi"]
[Date "2018.05.03"]
[Round "3.1"]
[White "Otdelnov, Kirill"]
[Black "Kolesov, Gordey"]
[Result "0-1"]
[WhiteElo "1611"]
[BlackElo "1825"]
[PlyCount "60"]
[EventDate "2018.05.01"]

1. d4 Nf6 2. c4 e6 3. Nf3 d5 4. Nc3 b6 5. Bg5 Be7 6. e3 O-O 7. Be2 h6 8. Bh4
Bb7 9. O-O Nbd7 10. Rc1 dxc4 11. Bxc4 c5 12. Qe2 cxd4 13. Nxd4 Ne4 14. Bxe7
Qxe7 15. Nxe4 Bxe4 16. Qg4 Nf6 17. Qg3 Rac8 18. Ba6 Rc5 19. Rxc5 Qxc5 20. Nb3
Qc2 21. Qe5 Rd8 22. Rc1 Rd1+ 23. Rxd1 Qxd1+ 24. Bf1 Bd3 25. Nd2 Ne4 26. Qd4
Qxd2 27. Qd8+ Kh7 28. Qxd3 Qxf2+ 29. Kh1 f5 30. Be2 Qe1+ 0-1

[Event "Team BG11 chess final 2018"]
[Site "Sochi"]
[Date "2018.05.03"]
[Round "3.2"]
[White "Iakushkov, Pavel"]
[Black "Prokudin, Igor"]
[Result "1/2-1/2"]
[WhiteElo "1554"]
[BlackElo "1410"]
[PlyCount "86"]
[EventDate "2018.05.01"]

1. d4 d5 2. Bf4 Nf6 3. e3 e6 4. Nf3 c5 5. c3 Nc6 6. Nbd2 Bd6 7. Bg3 O-O 8. Bd3
b6 9. Ne5 Bb7 10. f4 Ne7 11. Qf3 Nf5 12. Bf2 Be7 13. g4 Nd6 14. g5 Nfe4 15. Qh3
Rc8 16. Rg1 c4 17. Bc2 b5 18. Rg4 Nf5 19. Qg2 Ned6 20. h4 g6 21. Ke2 a5 22. Rh1
Ng7 23. h5 Nxh5 24. Rxh5 gxh5 25. Qh3 Kg7 26. Qxh5 Rh8 27. Qh6+ Kg8 28. Rh4 Nf5
29. Bxf5 exf5 30. g6 fxg6 31. Nxg6 Rc6 32. Nxe7+ Qxe7 33. Qh5 Qf7 34. Qg5+ Rg6
35. Qd8+ Kg7 36. Qxa5 Qd7 37. a3 Ba6 38. Nf3 Qe7 39. Ne5 Rg2 40. Rh5 Qd6 41.
Kf1 Rg6 42. Nxg6 hxg6 43. Rxh8 Kxh8 1/2-1/2

[Event "Team BG11 chess final 2018"]
[Site "Sochi"]
[Date "2018.05.03"]
[Round "3.3"]
[White "Otdelnov, Viktor"]
[Black "Pershin, Patrik"]
[Result "1-0"]
[WhiteElo "1427"]
[BlackElo "1602"]
[PlyCount "51"]
[EventDate "2018.05.01"]

1. d4 e6 2. c4 Bb4+ 3. Nc3 c5 4. e3 b6 5. a3 Bxc3+ 6. bxc3 Nc6 7. Nf3 Nf6 8.
Bd3 O-O 9. O-O Na5 10. e4 Ba6 11. e5 Ne8 12. Bxh7+ Kh8 13. Ng5 g6 14. Qg4 Ng7
15. Qh3 Nh5 16. g4 Bxc4 17. Re1 Nb3 18. Be3 cxd4 19. cxd4 Nxd4 20. gxh5 Ne2+
21. Rxe2 Bxe2 22. hxg6 Bg4 23. Qh6 Qxg5 24. Bxg5 fxg6 25. Bxg6+ Kg8 26. Qh7#
1-0

[Event "Team BG11 chess final 2018"]
[Site "Sochi"]
[Date "2018.05.03"]
[Round "3.4"]
[White "Kondrashev, Kirill"]
[Black "Vlasova, Olesia"]
[Result "1/2-1/2"]
[WhiteElo "1575"]
[BlackElo "1607"]
[PlyCount "118"]
[EventDate "2018.05.01"]

1. e4 c5 2. Nf3 e6 3. d4 cxd4 4. Nxd4 a6 5. Nc3 Qc7 6. Bd3 b5 7. O-O Bb7 8. Re1
Nc6 9. Nxc6 Qxc6 10. a4 b4 11. Nd5 Be7 12. Nxe7 Nxe7 13. Bd2 a5 14. c3 Qd6 15.
Bb5 Bc6 16. cxb4 axb4 17. Be3 Qxd1 18. Rexd1 Bxb5 19. axb5 Rc8 20. Ra7 d5 21.
b6 Nc6 22. b7 Rb8 23. Ra6 Nd8 24. exd5 exd5 25. Rxd5 Nxb7 26. Re5+ Kd7 27. Rd5+
Ke7 28. Bd2 Nd8 29. Ra7+ Ke6 30. Rad7 Nb7 31. Bxb4 Ra8 32. g4 Ra4 33. Rd4 Rxb4
34. Rxb4 Kxd7 35. Rxb7+ Ke6 36. Kg2 Rc8 37. Kg3 Rc2 38. b4 Rb2 39. b5 Rb3+ 40.
f3 Rb4 41. b6 Rb2 42. h4 Rb4 43. Rb8 Ke7 44. b7 g6 45. Kf2 Rb2+ 46. Ke3 Rb3+
47. Kd4 Rb1 48. Ke5 Rb5+ 49. Kf4 h6 50. Rh8 Rxb7 51. Rxh6 Rb4+ 52. Kg3 Rb8 53.
h5 Kf6 54. hxg6 fxg6 55. Rh1 Rb3 56. Rc1 g5 57. Rc6+ Kg7 58. Rc2 Kf6 59. Kf2
Ra3 1/2-1/2

[Event "Team BG11 chess final 2018"]
[Site "Sochi"]
[Date "2018.05.03"]
[Round "3.1"]
[White "Antonov, Vladimir Vl"]
[Black "Sirotkina, Elizaveta"]
[Result "1-0"]
[WhiteElo "1295"]
[BlackElo "1154"]
[PlyCount "85"]
[EventDate "2018.05.01"]

1. e4 c5 2. d4 cxd4 3. Nf3 d6 4. Nxd4 Nf6 5. Nc3 a6 6. Be3 b5 7. Bd3 Bb7 8. a3
e6 9. O-O Be7 10. Nf3 O-O 11. Qe2 Nc6 12. Rfd1 Qc7 13. Bf4 Rac8 14. e5 Nxe5 15.
Nxe5 dxe5 16. Bxe5 Qc6 17. f3 Qb6+ 18. Kh1 Rfd8 19. a4 b4 20. a5 Qc6 21. Ne4
Nd5 22. c4 bxc3 23. Nxc3 Nxc3 24. Bxc3 Qc5 25. Bxa6 Bxa6 26. Qxa6 Qh5 27. Qb7
Bd6 28. Rxd6 h6 29. Rxd8+ Rxd8 30. a6 Kh7 31. a7 Qg6 32. a8=Q Rxa8 33. Qxa8 h5
34. Qe4 f5 35. Qe5 h4 36. Ra7 Kh6 37. Rxg7 h3 38. Rxg6+ Kxg6 39. Qf6+ Kh5 40.
Bd2 hxg2+ 41. Kxg2 f4 42. Bxf4 e5 43. Qg5# 1-0

[Event "Team BG11 chess final 2018"]
[Site "Sochi"]
[Date "2018.05.04"]
[Round "4.1"]
[White "Sirotkina, Elizaveta"]
[Black "Shvedova, Alexandra"]
[Result "0-1"]
[WhiteElo "1154"]
[BlackElo "1691"]
[PlyCount "124"]
[EventDate "2018.05.01"]

1. d4 d5 2. Bf4 Nf6 3. Nf3 c5 4. e3 Nc6 5. Be2 Bg4 6. Nbd2 e6 7. c3 Be7 8. O-O
O-O 9. Ne5 Nxe5 10. Bxe5 Bxe2 11. Qxe2 Nd7 12. Bg3 f6 13. f4 Re8 14. Nf3 Bf8
15. Kh1 a6 16. a3 b5 17. Qc2 Rc8 18. Rac1 a5 19. Qb1 Bd6 20. e4 dxe4 21. Qxe4
b4 22. axb4 axb4 23. cxb4 cxb4 24. Rxc8 Qxc8 25. d5 Qb7 26. Re1 e5 27. fxe5
Bxe5 28. Bxe5 Nxe5 29. d6 Qxe4 30. Rxe4 Ra8 31. Rxb4 Ra1+ 32. Ng1 Rd1 33. Rb8+
Kf7 34. Rb7+ Kg6 35. h3 Rxd6 36. b4 Rd2 37. b5 Rb2 38. b6 Nc4 39. Nf3 Rxb6 40.
Rxb6 Nxb6 41. Kh2 Nd5 42. Kg3 Ne7 43. Nd4 h5 44. Ne2 Kh6 45. Nf4 g5 46. Nd3 Ng6
47. Kf2 f5 48. Nc1 Ne5 49. Ne2 Kg6 50. Nd4 Nd3+ 51. Ke3 Nf4 52. Kf3 Nd3 53. Ke3
Nc5 54. Kf3 Kf6 55. g4 hxg4+ 56. hxg4 f4 57. Ne2 Ke5 58. Ng1 Ne6 59. Nh3 Nd4+
60. Kf2 Kf6 61. Kg2 Nc6 62. Kf3 Ne5+ 0-1

[Event "Team BG11 chess final 2018"]
[Site "Sochi"]
[Date "2018.05.04"]
[Round "4.2"]
[White "Fedorova, Olesya"]
[Black "Maltseva, Aleksandra"]
[Result "1-0"]
[WhiteElo "1455"]
[BlackElo "1153"]
[PlyCount "99"]
[EventDate "2018.05.01"]

1. e4 d5 2. exd5 Qxd5 3. Nc3 Qa5 4. d4 Nc6 5. Nf3 Bg4 6. Bb5 Bd7 7. d5 Ne5 8.
Bxd7+ Nxd7 9. O-O Ngf6 10. Be3 O-O-O 11. Ng5 Ne5 12. Bf4 h6 13. Bxe5 hxg5 14.
Bxf6 exf6 15. a3 Bd6 16. g3 f5 17. b4 Qb6 18. Na4 Qb5 19. Nb2 Be5 20. Rb1 f4
21. Qg4+ Kb8 22. Nd3 Qxd5 23. Nxe5 Qxe5 24. Qf3 Rh7 25. Kg2 Rdh8 26. Rh1 Qf5
27. g4 Qxc2 28. Rbe1 Rh3 29. Qxh3 Qc6+ 30. Qf3 Qxf3+ 31. Kxf3 a6 32. Ke4 g6 33.
Ke5 Kc8 34. Kf6 Rf8 35. Kxg5 f3 36. Kf6 b6 37. Re7 Rd8 38. Rxf7 Rd2 39. Rf1 Rd4
40. g5 Rd3 41. Kxg6 Rxa3 42. Kh7 Ra4 43. g6 Rxb4 44. g7 Rh4+ 45. Kg6 Kb7 46.
Rf5 Rxh2 47. g8=Q Rg2+ 48. Rg5 Rxg5+ 49. Kxg5 a5 50. Qd5+ 1-0

[Event "Team BG11 chess final 2018"]
[Site "Sochi"]
[Date "2018.05.04"]
[Round "4.3"]
[White "Khusneeva, Alina"]
[Black "Novikova, Daria"]
[Result "1/2-1/2"]
[WhiteElo "1257"]
[BlackElo "1380"]
[PlyCount "98"]
[EventDate "2018.05.01"]

1. e4 c5 2. Nf3 e6 3. d4 cxd4 4. Nxd4 a6 5. Bd3 Bc5 6. Nb3 Ba7 7. Nc3 Nc6 8.
Qe2 d6 9. Be3 Bxe3 10. Qxe3 Nge7 11. O-O-O O-O 12. f4 b5 13. g4 Bb7 14. Ne2 b4
15. Kb1 a5 16. h4 a4 17. Nbd4 Qb6 18. Nf5 Qxe3 19. Nxe3 Ra7 20. Rhg1 b3 21.
cxb3 axb3 22. a3 Rfa8 23. h5 Nb4 24. Nc3 d5 25. exd5 Nexd5 26. Nexd5 exd5 27.
Be2 Bc6 28. Rd4 Nc2 29. Rdd1 Ra5 30. Bf3 Nb4 31. Rd4 Nc2 32. Rdd1 Nb4 33. Rd4
Nc2 34. Rdd1 Rc5 35. Rd3 d4 36. Bxc6 Rxc6 37. Ne2 Ra4 38. Rxb3 h6 39. g5 Rac4
40. g6 Rc8 41. gxf7+ Kxf7 42. Rb7+ R8c7 43. Rxc7+ Rxc7 44. Rd1 Rc4 45. Rd2 d3
46. Rxd3 Ne1 47. Rd1 Ng2 48. Rf1 Rc5 49. Ng3 Ne3 1/2-1/2

[Event "Team BG11 chess final 2018"]
[Site "Sochi"]
[Date "2018.05.04"]
[Round "4.1"]
[White "Kolesov, Gordey"]
[Black "Antonov, Vladimir Vl"]
[Result "1-0"]
[WhiteElo "1825"]
[BlackElo "1295"]
[PlyCount "79"]
[EventDate "2018.05.01"]

1. d4 d5 2. c4 c6 3. Nf3 Nf6 4. Nc3 e6 5. e3 Nbd7 6. Be2 Bd6 7. a4 O-O 8. O-O
dxc4 9. Bxc4 e5 10. Qc2 exd4 11. exd4 Nb6 12. Bd3 h6 13. Re1 Bg4 14. Ne5 Bxe5
15. dxe5 Nfd5 16. Nxd5 Nxd5 17. Bd2 Qd7 18. h3 Be6 19. Rad1 Kh8 20. Qc1 Bf5 21.
Bxh6 gxh6 22. Qxh6+ Kg8 23. Qg5+ Bg6 24. e6 Qe7 25. exf7+ Qxf7 26. Qxg6+ Qxg6
27. Bxg6 Kg7 28. Be4 Nb6 29. b3 a5 30. Bf3 Rf7 31. Rd6 Rc7 32. h4 Rh8 33. h5
Nc8 34. Rg6+ Kf7 35. Ree6 Ne7 36. Rgf6+ Kg8 37. Rd6 Kg7 38. h6+ Kh7 39. Be4+
Kg8 40. Rd8# 1-0

[Event "Team BG11 chess final 2018"]
[Site "Sochi"]
[Date "2018.05.04"]
[Round "4.2"]
[White "Litvischenko, Mikhail"]
[Black "Iakushkov, Pavel"]
[Result "0-1"]
[WhiteElo "1101"]
[BlackElo "1554"]
[PlyCount "110"]
[EventDate "2018.05.01"]

1. Nf3 d5 2. d4 Nf6 3. Bf4 c5 4. e3 Nc6 5. Nc3 a6 6. Bd3 e6 7. O-O Bd6 8. Ne5
cxd4 9. Nxc6 bxc6 10. Bxd6 Qxd6 11. exd4 O-O 12. Qf3 a5 13. Rfe1 Ba6 14. Bxa6
Rxa6 15. Qd3 Ra7 16. Re3 Rb8 17. Rb1 h6 18. Rg3 Rb4 19. a3 Rb8 20. Qe3 Kh8 21.
Qe5 Qxe5 22. dxe5 Nd7 23. f4 c5 24. b3 Rab7 25. Na2 Nb6 26. Rd1 Nc8 27. Rf3 Ne7
28. g4 Nc6 29. Rfd3 a4 30. Rb1 c4 31. Rc3 axb3 32. cxb3 Nd4 33. Kf2 Rxb3 34.
Rcxb3 Rxb3 35. Rxb3 Nxb3 36. Ke3 Kg8 37. Ke2 Kf8 38. h4 Ke7 39. g5 hxg5 40.
fxg5 Nd4+ 41. Ke3 Nc2+ 42. Kf4 Nxa3 43. Nc3 g6 44. Ke3 Nc2+ 45. Kd2 Nd4 46. Ke3
Nf5+ 47. Kf4 Nxh4 48. Kg4 Nf5 49. Kf4 Kd7 50. Kf3 Kc6 51. Kf4 Kc5 52. Kf3 Kb4
53. Nd1 c3 54. Nxc3 Kxc3 55. Ke2 d4 0-1